000 01447cam a22003377a 4500
001 4311
003 FISKH
005 20250211142653.0
008 090715s2010 nyu 000 0 eng
010 _a 2009932648
020 _a9781416991649 (pbk.)
020 _a1416991646 (pbk.)
020 _a9780545248518
040 _aDLC
_cDLC
_beng
050 _aPS3537.T817
082 _a813
100 1 _aDixon, Franklin W.
245 1 0 _aTrouble at the arcade /
_cFranklin W. Dixon, illustrated byScott Burroughs.
260 _aNew York:
_bScholastic,
_c2010.
300 _a87 pages :
_billustrations ;
_c20 cm
490 0 _aThe Hardy Boys, secret files ;
_vBook 1
505 _aK
520 _aFrank and Joe are brothers, but that won't stop them from competing against each other at the Fun World arcade's video game tournament. The boys make a bet: Whoever wins the competition gets to move into the cool new room their dad just built! But suddenly money goes missing. The owner of Fun World shuts down the tournament until the stolen cash is returned! Can the boys figure out who took it? Or will their chances of victory -- and a brand-new room! -- be crushed by a thief?
521 8 _a510
_bLexile
521 8 _aK
_bRaz-Plus
650 _aMystery
_vFiction
_xArcade Games
700 1 _aBurroughs, Scott.
_eillustrator
906 _a7
_bcbc
_corignew
_d2
_eepcn
_f20
_gy-gencatlg
942 _2ddc
_cBK
_n0
999 _c4311
_d4311